000 00616cam a2200145 4500500
005 20251228052418.0
041 _afre
042 _adc
100 1 0 _aStrandsbjerg, Camilla
_eauthor
245 0 0 _aLEBEAU, Yann, NIANE, Boubacar, PIROU, Anne & DE SAINT MARTIN, Monique (dir.). — État et acteurs émergents en Afrique. Paris, Karthala-IFRA, 2003, 351 p.
260 _c2005.
500 _a37
786 0 _nCahiers d'études africaines | 177 | 1 | 2005-03-01 | p. 257h-303h | 0008-0055
856 4 1 _uhttps://shs.cairn.info/revue-cahiers-d-etudes-africaines-2005-1-page-257h?lang=fr&redirect-ssocas=7080
999 _c1583488
_d1583488